En honor de Rafael Altamira (Record no. 127152)

MARC details
000 -LEADER
campo de control de longitud fija 00681nam a2200193 i 4500
001 - NÚMERO DE CONTROL
campo de control 127152
003 - IDENTIFICADOR DE NÚMERO DE CONTROL
campo de control ES-MaACL
005 - FECHA Y HORA DE LA ÚLTIMA TRANSACCIÓN
campo de control 20240426063034.0
007 - CAMPO FIJO DE DESCRIPCIÓN FÍSICA--INFORMACIÓN GENERAL
campo de control de longitud fija t|
008 - DATOS DE LONGITUD FIJA--INFORMACIÓN GENERAL
campo de control de longitud fija 070214s1910 mx r ||||1| spa d
100 1# - ENTRADA PRINCIPAL--NOMBRE DE PERSONA
Nombre de persona Reyes, Rodolfo,
Fechas asociadas al nombre 1878-1954
9 (RLIN) 96574
245 10 - MENCIÓN DEL TÍTULO
Título En honor de Rafael Altamira
Resto del título : discurso de recepción /
Mención de responsabilidad, etc. Rodolfo Reyes.
260 ## - PUBLICACIÓN, DISTRIBUCIÓN, ETC.
Lugar de publicación, distribución, etc. México :
Nombre del editor, distribuidor, etc. [s.n.],
Fecha de publicación, distribución, etc. 1910.
500 ## - NOTA GENERAL
Nota general Precede al Tit : Academia Central Mexicana de Jurisprudencia y Legislación.
600 14 - PUNTO DE ACCESO ADICIONAL DE MATERIA--NOMBRE DE PERSONA
Nombre de persona Altamira, Rafael,
Fechas asociadas al nombre 1866-1951
9 (RLIN) 20515
710 2# - ENTRADA AGREGADA--NOMBRE DE ENTIDAD CORPORATIVA
Nombre de entidad corporativa o nombre de jurisdicción como elemento de entrada Academia Central Mexicana de Jurisprudencia y Legislación.
9 (RLIN) 1150
852 ## - LOCALIZACIÓN
Ubicación ES-MaACL
Número de control de estantería 1561-F-7
Holdings
Estatus retirado Estado de pérdida Estado de daño No para préstamo Colección Biblioteca de origen Biblioteca actual Ubicación en estantería Fecha de adquisición Fuente de adquisición Total de préstamos Signatura topográfica completa Código de barras Visto por última vez Precio de reemplazo Tipo de ítem Koha
        Colección de folletos Biblioteca del Ateneo de Madrid Biblioteca del Ateneo de Madrid Depósito folletos 17/01/2008     1561-F-7 1132437 23/02/2023 23/02/2023 Folleto